000 00292nam a22001337a 4500
008 170918b xxu||||| |||| 00| 0 eng d
020 _a9780883633106
041 _aeng
080 _a7
100 _a44
101 _aART
245 _aVAN GOGH A RETROSPECTIVE
_cSTEIN,S.A
942 _2udc
_cBK
999 _c28057
_d28057